| 000 | 00469nam a2200181Ia 4500 | ||
|---|---|---|---|
| 005 | 20250326142616.0 | ||
| 008 | 250326s9999 xx 000 0 und d | ||
| 037 | _aTextbook | ||
| 040 |
_aFMSL _beng _cFMSL |
||
| 041 |
_aeng _2eng |
||
| 084 | _qFMSL | ||
| 100 | _aMonappa A | ||
| 245 | 0 |
_aPersonnel Management _cMonappa A; Saiyadain Ms |
|
| 260 |
_aNew Delhi _bNew Delhi, Tata McGraw-Hill _c1979 |
||
| 300 | _a335p | ||
| 942 | _cTB | ||
| 999 |
_c1295812 _d1295812 |
||